000 00963cam a2200229 a 4500
005 20140903175021.0
008 060725s2007 xxud fr 001 0 eng
020 _a9781405132367
040 _aCO-BoUCM
_bspa
_cJose A. Gerena
_dDiana Londoño
041 _aeng
245 0 4 _aThe globalization and development reader
_bperspectives on development and global change
_ceditado por J. Timmons Roberts and Amy Bellone Hite
260 _aMalden (Massachusetts, Estados Unidos)
_bBlackwell
_c2007
300 _axiv, 450 páginas
_bilustraciones, gráficas
504 _aIncluye referencias bibliográficas e índices
650 7 _912956
_aDesarrollo económico
650 7 _945945
_aPaíses en desarrollo
_xDesarrollo económico
690 _942791
_aDesarrollo económico
700 1 _aHite, Amy Bellone
_eeditor
_954694
700 1 _aRoberts, J. Timmons
_eeditor
_954693
942 _a7
_cLIBRO
_e1
_mG562
_2DEWEY
_h330.91724
999 _c184384
_d184384